000 01209cam a22003014a 4500
001 12546421
003 OSt
005 20230606151316.0
008 010926s2002 nyua b 001 0 eng
010 _a 2001046890
020 _a0471402761 (cloth : alk. paper)
040 _aDLC
_cDLC
_dDLC
042 _apcc
050 0 0 _aQ180.55.D57
_bH67 2002
082 0 0 _a509
_bHOR
100 1 _aHorvitz, Leslie Alan.
245 1 0 _aEureka! :
_bstories of scientific discovery /
_cLeslie Alan Horvitz.
260 _aNew York :
_bJ. Wiley,
_cc2002.
300 _avi, 246 p. :
_bill. ;
_c25 cm.
504 _aIncludes bibliographical references (p. 231-235) and index.
650 0 _aDiscoveries in science.
856 4 2 _3Contributor biographical information
_uhttp://www.loc.gov/catdir/bios/wiley044/2001046890.html
856 4 2 _3Publisher description
_uhttp://www.loc.gov/catdir/description/wiley037/2001046890.html
856 4 1 _3Table of contents
_uhttp://www.loc.gov/catdir/toc/wiley021/2001046890.html
906 _a7
_bcbc
_corignew
_d1
_eocip
_f20
_gy-gencatlg
942 _2ddc
_cBK
999 _c718
_d718